[Event "SLO-chT2 East"]
[Site "Brezice Maribor"]
[Date "2007.09.08"]
[Round "6"]
[White "Pecar, Maks"]
[Black "Kolar, Drago"]
[Result "1/2-1/2"]
[WhiteElo "1609"]
[BlackElo "1894"]
[PlyCount "26"]
[EventDate "2007.05.26"]
[EventType "team-tourn"]
[EventRounds "9"]
[EventCountry "SLO"]
[SourceTitle "EXT 2010"]
[Source "ChessBase"]
[SourceDate "2010.11.25"]
[SourceVersion "1"]
[SourceVersionDate "2010.11.25"]
[SourceQuality "1"]

1. d4 d5 2. c4 dxc4 3. Nf3 Nf6 4. e3 e6 5. Bxc4 Be7 6. 0-0 0-0 7. Qe2 c5 8. Rd1 Qc7 9. Nc3 a6 10. a4 Nc6 11. b3 cxd4 12. exd4 Rd8 13. Bg5 Nd5 1/2-1/2

[Event "SLO-chT2 East"]
[Site "Brezice Maribor"]
[Date "2007.09.08"]
[Round "5"]
[White "Pecar, Maks"]
[Black "Zalig, Tomaz"]
[Result "1/2-1/2"]
[WhiteElo "1609"]
[BlackElo "1520"]
[PlyCount "51"]
[EventDate "2007.05.26"]
[EventType "team-tourn"]
[EventRounds "9"]
[EventCountry "SLO"]
[SourceTitle "EXT 2010"]
[Source "ChessBase"]
[SourceDate "2010.11.25"]
[SourceVersion "1"]
[SourceVersionDate "2010.11.25"]
[SourceQuality "1"]

1. d4 Nf6 2. c4 g6 3. Nc3 Bg7 4. e4 d6 5. Nf3 Nbd7 6. Be2 0-0 7. 0-0 e5 8. d5 Nc5 9. Qc2 c6 10. b4 Ncd7 11. Rd1 Qe7 12. Nd2 Rd8 13. Nb3 cxd5 14. Nxd5 Nxd5 15. Rxd5 Nf6 16. Rd1 Be6 17. Be3 b6 18. Rd2 Rac8 19. f3 Bxc4 20. Bxc4 b5 21. Bxf7+ Qxf7 22. Qd3 a6 23. a3 Qc4 24. Rc1 Qxd3 25. Rxd3 Rc4 26. Rcd1 1/2-1/2

[Event "SLO-chT U20"]
[Site "Murska Sobota"]
[Date "2007.08.25"]
[Round "1"]
[White "Vombek, Sara"]
[Black "Pecar, Maks"]
[Result "1-0"]
[WhiteElo "1873"]
[BlackElo "1668"]
[PlyCount "81"]
[EventDate "2007.08.25"]
[EventType "team-swiss"]
[EventRounds "9"]
[EventCountry "SLO"]
[SourceTitle "CBM 120 Extra"]
[Source "ChessBase"]
[SourceDate "2007.11.01"]
[SourceVersion "1"]
[SourceVersionDate "2007.11.01"]
[SourceQuality "1"]

1. e4 c6 2. d4 d5 3. exd5 cxd5 4. Bd3 Nf6 5. h3 g6 6. c3 Bg7 7. Bf4 0-0 8. Nf3 b6 9. Nbd2 Bb7 10. Qe2 Nbd7 11. 0-0 Re8 12. Rae1 a6 13. a4 Qc8 14. Bh2 a5 15. Ne5 Ba6 16. Ndf3 e6 17. Bb5 Nxe5 18. Nxe5 Bxb5 19. axb5 Nd7 20. Nc6 Bf8 21. Qf3 a4 22. Ra1 Bg7 23. Rfe1 Nf6 24. Qd1 Ne4 25. f3 Nf6 26. Rxa4 Qb7 27. Rxa8 Rxa8 28. Qb3 Ne8 29. Kh1 Nc7 30. Qb4 Bf8 31. Qb3 Bg7 32. Bd6 Kh8 33. Ba3 Bf8 34. Bxf8 Rxf8 35. Ra1 Ra8 36. Rxa8+ Qxa8 37. Qb4 Kg7 38. Qe7 Nxb5 39. Nd8 Na7 40. Qxf7+ Kh6 41. Nxe6 1-0

[Event "SLO-chT2 East"]
[Site "Velenje"]
[Date "2006.10.22"]
[Round "8"]
[White "Trebeznik, Luka"]
[Black "Pecar, Maks"]
[Result "1-0"]
[WhiteElo "1843"]
[BlackElo "1605"]
[PlyCount "93"]
[EventDate "2006.05.21"]
[EventType "team"]
[EventRounds "9"]
[EventCountry "SLO"]
[SourceTitle "EXT 2008"]
[Source "ChessBase"]
[SourceDate "2007.11.25"]
[SourceVersion "1"]
[SourceVersionDate "2007.11.25"]
[SourceQuality "1"]

1. d4 d5 2. Nf3 Nf6 3. g3 Bf5 4. Bg2 e6 5. c4 c6 6. 0-0 Be7 7. Nc3 0-0 8. Re1 Ne4 9. Nd2 Nxd2 10. Bxd2 Bf6 11. cxd5 exd5 12. Bf4 Re8 13. Rc1 Nd7 14. e4 dxe4 15. Nxe4 Bxe4 16. Bxe4 Nb6 17. Be5 Bxe5 18. dxe5 Qxd1 19. Rcxd1 Nc4 20. f4 Re7 21. b3 Nb6 22. Rd6 Rae8 23. Bf5 g6 24. Bh3 Kg7 25. Red1 h6 26. Kf2 g5 27. a4 Nd5 28. Bg2 gxf4 29. Bxd5 fxg3+ 30. hxg3 cxd5 31. R1xd5 b6 32. Rd7 Rxe5 33. Rxe5 Rxe5 34. Rxa7 Rf5+ 35. Ke3 Rc5 36. b4 Rc4 37. b5 Rc3+ 38. Kf2 Rc5 39. Ra6 Rf5+ 40. Ke3 Rf6 41. a5 Re6+ 42. Kf3 Rf6+ 43. Kg2 Rd6 44. Rxb6 Rd2+ 45. Kh3 Ra2 46. a6 Ra5 47. Rb7 1-0

[Event "SLO-ch U12"]
[Site "Murska Sobota"]
[Date "2006.03.01"]
[Round "6"]
[White "Pecar, Maks"]
[Black "Skrbic, Aristel"]
[Result "1/2-1/2"]
[WhiteElo "1605"]
[BlackElo "1510"]
[PlyCount "124"]
[EventDate "2006.02.26"]
[EventType "swiss"]
[EventRounds "9"]
[EventCountry "SLO"]
[SourceTitle "EXT 2009"]
[Source "ChessBase"]
[SourceDate "2008.11.26"]
[SourceVersion "1"]
[SourceVersionDate "2008.11.26"]
[SourceQuality "1"]

1. e4 d5 2. exd5 Nf6 3. Nc3 Nxd5 4. Bc4 e6 5. Qe2 Nxc3 6. dxc3 Bc5 7. Nf3 0-0 8. 0-0 Qe7 9. Bf4 Bd6 10. Bg3 Nc6 11. Nd4 Nxd4 12. cxd4 Rd8 13. c3 a6 14. Qf3 Rb8 15. Bd3 b5 16. Rae1 Bb7 17. Qh5 g6 18. Qh3 Bxg3 19. Qxg3 Bd5 20. a3 c5 21. dxc5 Qxc5 22. Re3 a5 23. Qh4 Qc6 24. Rg3 Bc4 25. Bxc4 Qxc4 26. Qh6 Rd7 27. Rh3 f6 28. Rf3 f5 29. h3 Rbd8 30. Re3 Rd1 31. Ree1 Rxe1 32. Rxe1 b4 33. Qg5 Re8 34. Qf6 bxa3 35. bxa3 Qb3 36. Kh2 Qxa3 37. Rxe6 Rxe6 38. Qxe6+ Kg7 39. c4 Qa2 40. Qe7+ Kh6 41. Qh4+ Kg7 42. c5 Qd5 43. Qe7+ Kg8 44. Qe8+ Kg7 45. c6 Qd6+ 46. g3 Qc5 47. Qd7+ Kh6 48. Qd2+ Kg7 49. h4 Qxc6 50. Qxa5 Qf3 51. Qc7+ Kh6 52. Qc5 Kh5 53. Qd4 Kh6 54. Qd2+ Kg7 55. Kg1 Qe4 56. h5 Qb1+ 57. Kh2 Qb7 58. h6+ Kg8 59. Qd8+ Kf7 60. Qh8 Ke6 61. Qd8 Kf7 62. Qh8 Ke6 1/2-1/2

[Event "SLO-ch U12"]
[Site "Murska Sobota"]
[Date "2006.03.01"]
[Round "5"]
[White "Tomazini, Zan"]
[Black "Pecar, Maks"]
[Result "1/2-1/2"]
[WhiteElo "1658"]
[BlackElo "1605"]
[PlyCount "129"]
[EventDate "2006.02.26"]
[EventType "swiss"]
[EventRounds "9"]
[EventCountry "SLO"]
[SourceTitle "EXT 2009"]
[Source "ChessBase"]
[SourceDate "2008.11.26"]
[SourceVersion "1"]
[SourceVersionDate "2008.11.26"]
[SourceQuality "1"]

1. e4 c6 2. d4 d5 3. exd5 cxd5 4. Bd3 Nc6 5. c3 Nf6 6. Bf4 Qb6 7. Qb3 Qxb3 8. axb3 b6 9. Nf3 g6 10. Bb5 Bd7 11. Bc7 Na5 12. Bxd7+ Kxd7 13. Bxb6 axb6 14. b4 Bg7 15. bxa5 Rxa5 16. Rxa5 bxa5 17. Ne5+ Ke6 18. Nc6 a4 19. Nd2 Rc8 20. Nb4 a3 21. Ke2 axb2 22. Kd3 Ng4 23. Re1+ Kd6 24. Re2 Bh6 25. Nb1 Bc1 26. f3 Nf6 27. Kc2 Ra8 28. Nd3 Ra2 29. Nb4 Ra4 30. Nd3 Ra2 31. Ne5 e6 32. Nxf7+ Ke7 33. Ne5 Ne8 34. Nd3 Nc7 35. Nb4 Ra4 36. g3 Nb5 37. Nd3 Ra2 38. Kb3 Ra1 39. Rxb2 Bxb2 40. Kxb2 Ra8 41. Ne5 Nd6 42. Nd2 Nf7 43. Nd3 Kd6 44. h4 e5 45. dxe5+ Nxe5 46. Nxe5 Kxe5 47. Kc2 Rc8 48. Kd3 Kf5 49. Nb3 Ke5 50. Nd4 Ra8 51. Nc2 Ra2 52. Kd2 Rb2 53. Kc1 Rb3 54. Kd2 Rb1 55. Ne1 Kd6 56. g4 Ke5 57. Nd3+ Kf6 58. Nf4 Ke5 59. Nd3+ Kd6 60. Nf4 Rh1 61. h5 gxh5 62. Nxh5 Ke5 63. Ke3 Re1+ 64. Kd2 Rh1 65. Ke3 1/2-1/2

[Event "SLO-chT U20"]
[Site "Sentjur"]
[Date "2005.08.26"]
[Round "8"]
[White "Bilbija, Aleksandra"]
[Black "Pecar, Maks"]
[Result "1-0"]
[WhiteElo "1827"]
[BlackElo "1633"]
[PlyCount "39"]
[EventDate "2005.08.21"]
[EventType "team"]
[EventRounds "9"]
[EventCountry "SLO"]
[SourceTitle "EXT 2008"]
[Source "ChessBase"]
[SourceDate "2007.11.25"]
[SourceVersion "1"]
[SourceVersionDate "2007.11.25"]
[SourceQuality "1"]

1. f4 d5 2. Nf3 g6 3. e3 Bg7 4. d4 Nh6 5. c4 e6 6. Bd3 0-0 7. 0-0 b6 8. cxd5 exd5 9. e4 Bb7 10. e5 Qe7 11. Qc2 Nc6 12. a3 Qd7 13. h3 Nf5 14. Bxf5 Qxf5 15. Qxf5 gxf5 16. Nc3 Na5 17. Nd2 Rad8 18. Nd1 Nc6 19. Nf3 Na5 20. Ne3 1-0

[Event "SLO-ch U12"]
[Site "Sentjur"]
[Date "2005.02.28"]
[Round "3"]
[White "Pecar, Maks"]
[Black "Pipan, Tim"]
[Result "1-0"]
[WhiteElo "1605"]
[BlackElo "1620"]
[PlyCount "99"]
[EventDate "2005.02.26"]
[EventType "tourn"]
[EventRounds "9"]
[EventCountry "SLO"]
[SourceTitle "CBM 105 Extra"]
[Source "ChessBase"]
[SourceDate "2005.05.01"]
[SourceVersion "1"]
[SourceVersionDate "2005.05.01"]
[SourceQuality "1"]

1. e4 e5 2. Nf3 f5 3. Nxe5 Qf6 4. d4 d6 5. Nc4 fxe4 6. Nc3 Qf7 7. Ne3 Nf6 8. Bc4 Qg6 9. 0-0 Be7 10. Bb3 c6 11. d5 c5 12. Qe2 0-0 13. Re1 a6 14. Nf1 Bg4 15. Qe3 Bh5 16. Nxe4 Ng4 17. Qg3 Qf5 18. h3 Ne5 19. Nxc5 Rf6 20. Rxe5 dxe5 21. d6+ Bf7 22. dxe7 Nc6 23. Bxf7+ Kxf7 24. Nxb7 Nxe7 25. Bg5 Rg6 26. Bxe7 Kxe7 27. Qh4+ Rf6 28. Qb4+ Kf7 29. Nd6+ Rxd6 30. Qxd6 Ra7 31. Qd5+ Kf6 32. Qf3 Qxf3 33. gxf3 Rc7 34. Ne3 Ke6 35. c4 g6 36. Rc1 a5 37. a3 Rb7 38. Rc2 a4 39. c5 Rc7 40. c6 Kd6 41. Ng4 h5 42. Ne3 Rxc6 43. Rxc6+ Kxc6 44. Kf1 Kc5 45. Ke2 Kd4 46. Kd2 e4 47. fxe4 Kxe4 48. Ke2 Kf4 49. Nd5+ Kg5 50. Kf3 1-0

[Event "SLO-ch U12"]
[Site "Sentjur"]
[Date "2005.02.28"]
[Round "4"]
[White "Rozic, Samo"]
[Black "Pecar, Maks"]
[Result "1/2-1/2"]
[WhiteElo "1833"]
[BlackElo "1605"]
[PlyCount "39"]
[EventDate "2005.02.26"]
[EventType "tourn"]
[EventRounds "9"]
[EventCountry "SLO"]
[SourceTitle "CBM 105 Extra"]
[Source "ChessBase"]
[SourceDate "2005.05.01"]
[SourceVersion "1"]
[SourceVersionDate "2005.05.01"]
[SourceQuality "1"]

1. e4 c5 2. Nc3 d6 3. g3 g6 4. Bg2 Bg7 5. d3 Nc6 6. Be3 e6 7. f4 Nge7 8. Nf3 Nd4 9. 0-0 0-0 10. Rb1 Rb8 11. Ne2 Nxf3+ 12. Bxf3 b5 13. d4 c4 14. c3 a5 15. Qd2 Qc7 16. h4 Rd8 17. Kf2 Bb7 18. h5 f5 19. hxg6 hxg6 20. exf5 1/2-1/2